000 00618nam a2200289Ia 4500
005 20260401122042.0
008 008 250103s9999 xx 000 0 eng d
020 _a0-7493-9604-0
037 _aTB
040 _aEDL
040 _beng
040 _cEDL
041 _2eng
041 _aeng
084 _a823.993 5 NAR
084 _qEDL
100 _aNarayan, R
_91230507
245 2 _aA Malgudi Omnibus
245 0 _cNarayan, R
260 _aLondon
260 _bVintage
260 _c1999
942 _cTB
942 _h823.993 5 NAR
999 _c1844598
_d1844598